Použitie zhlukovej analýzy pri segmentácii trhu
Segmentácia trhu ako proces rozdelenia heterogénneho trhu. Segmentačné premenné a deskriptory. Zhluková analýza - metóda viacrozmernej analýzy. Meranie podobnosti objektov a pravidlá ich zaraďovania do zhlukov. Príklad segmentácie trhu z hľadiska trávenia voľného času.
Gespeichert in:
| 1. Verfasser: | |
|---|---|
| Format: | Buchkapitel |
| Sprache: | Slowakisch |
| Schlagworte: | |
| Tags: |
Keine Tags, Fügen Sie das erste Tag hinzu!
|
MARC
| LEADER | 00000naa$a2200000$$$4500 | ||
|---|---|---|---|
| 001 | 0024651 | ||
| 005 | 20240502071420.2 | ||
| 041 | 0 | |a slo | |
| 044 | |a SK | ||
| 245 | 1 | 0 | |a Použitie zhlukovej analýzy pri segmentácii trhu |c Dana Vokounová |
| 520 | |a Segmentácia trhu ako proces rozdelenia heterogénneho trhu. Segmentačné premenné a deskriptory. Zhluková analýza - metóda viacrozmernej analýzy. Meranie podobnosti objektov a pravidlá ich zaraďovania do zhlukov. Príklad segmentácie trhu z hľadiska trávenia voľného času. | ||
| 610 | 2 | 0 | |a segmentácia trhu |
| 610 | 2 | 0 | |a klaster |
| 610 | 2 | 0 | |a analýza zhluková |
| 610 | 2 | 0 | |a marketing |
| 100 | 1 | |a Vokounová, Dana, 1962- | |